Básnická iniciatíva Rudolfa Fabryho

Bibliographic Details
Main Author: Kasáč, Zdenko, 1924-2017 (Author)
Format: Article
Language:Slovak
Subjects:

MARC

LEADER 00000nab a2200000uu 4500
001 vtls011523086
003 SK-MaSNL
005 20260303181603.0
008 230704|1975 xo |||||||||||||||||slo|
015 |a SNBRB 
035 |a (urnnbn)urn:nbn:sk:snk:ar-0024iz 
035 |a (uuid)01851aba-cc0f-4746-86d8-7dbb0047b97e 
035 |a urn:nbn:sk:snk-abeaxu 
040 |a SNKBUCL  |b slo  |c SNKBUCL  |e AACR2 
041 0 |a slo 
044 |a xo  |c SK 
100 1 |a Kasáč, Zdenko,  |d 1924-2017  |4 aut  |9 103553 
245 1 0 |a Básnická iniciatíva Rudolfa Fabryho  |c Zdenko Kasáč 
600 1 7 |a Fabry, Rudolf,  |d 1915-1982  |2 SNKMA  |9 108094 
773 0 |t Slovenské pohľady  |g Roč. 91, č. 10 (1975), s. 76-90 
850 |a Slovenská národná knižnica 
852 |a Slovenská národná knižnica 
954 |a odborná, vedecká literatúra pôvodná (slovenská)  |2 lita 
958 |a OND 
958 |a EUIPO 
958 |a article21 
999 |c 2113397  |d 2115327